000 00419nam a2200157Ia 4500
003 OSt
005 20260309100531.0
008 211028s2011 xx 000 0 und d
040 _cAIMIT LIBRARY
041 _aeng
100 _aDSouza, Ashmitha Priya; Vijayakumar, Suchetha.
_g81707
_93358
110 _aRoshan.
_93359
245 _aRFID attendance recording system /
260 _aMangalore
_c2011
942 _2ddc
_cPRO
999 _c217205
_d217205